000 00387nam a2200145Ia 4500
008 230917s9999||||xx |||||||||||||| ||und||
040 _e209877
_aMAIN
041 _aEnglish
082 _a005.8 T131F
100 _aTakanen, Ari
245 0 _aFuzzing for software security testing and quality assurance
260 _aLondon
_bArtech House
_c2008
300 _axxii, 287 p.
942 _cBK
999 _c176460
_d176460